[Event "Rio de Janeiro Keres Memorial 4th"]
[Site "Rio de Janeiro"]
[Date "2016.10.01"]
[Round "2"]
[White "Rovedo, Salomao"]
[Black "Santos Filho, Tadeu Souza"]
[Result "0-1"]
[WhiteElo "1681"]
[BlackElo "2043"]
[PlyCount "58"]
[EventDate "2016.10.01"]
[EventType "swiss"]
[EventRounds "6"]
[EventCountry "BRA"]
[SourceTitle "EXT 2018"]
[Source "ChessBase"]
[SourceDate "2017.10.13"]
[SourceVersion "1"]
[SourceVersionDate "2017.10.13"]
[SourceQuality "1"]

1. d4 Nf6 2. Bg5 Ne4 3. f4 Nxg5 4. fxg5 c5 5. e3 Qb6 6. dxc5 Qxb2 7. Nd2 Qc3 8. Ngf3 Qxe3+ 9. Qe2 Qxc5 10. Nb3 Qc3+ 11. Qd2 Qxd2+ 12. Nbxd2 Nc6 13. Bd3 Nb4 14. a3 Nxd3+ 15. cxd3 e6 16. d4 b6 17. Kf2 Bb7 18. h4 Rc8 19. Rhe1 Be7 20. g4 0-0 21. Re3 Rc7 22. Rd1 Rfc8 23. Ne1 Rc3 24. Nb1 Rc1 25. Ke2 Rxd1 26. Kxd1 Rc5 27. Nc2 f6 28. Nd2 Rc8 29. gxf6 gxf6 0-1

[Event "Rio de Janeiro Salamon Memorial"]
[Site "Rio de Janeiro"]
[Date "2016.06.25"]
[Round "3"]
[White "Rovedo, Salomao"]
[Black "Mesquita, Arnaldo Leite"]
[Result "1-0"]
[WhiteElo "1690"]
[BlackElo "1707"]
[PlyCount "65"]
[EventDate "2016.06.24"]
[EventType "swiss"]
[EventRounds "6"]
[EventCountry "BRA"]
[SourceTitle "CBM 173 Extra"]
[Source "ChessBase"]
[SourceDate "2016.08.29"]
[SourceVersion "1"]
[SourceVersionDate "2016.08.29"]
[SourceQuality "1"]

1. d4 Nf6 2. Bg5 Ne4 3. Bf4 d6 4. f3 Nf6 5. e4 g6 6. Nc3 Bg7 7. Qd2 0-0 8. 0-0-0 a6 9. e5 Nh5 10. Bh6 Nc6 11. g4 Bxh6 12. Qxh6 Ng7 13. Nh3 f6 14. Bc4+ Be6 15. Bxe6+ Nxe6 16. d5 Nxe5 17. dxe6 Qc8 18. Nf4 c6 19. Rhg1 Qe8 20. Rg3 Nf7 21. exf7+ Qxf7 22. Rh3 e5 23. Nxg6 Qxg6 24. Qxg6+ hxg6 25. Rxd6 Rad8 26. Ne4 Kg7 27. Re6 Rf7 28. g5 Rfd7 29. gxf6+ Kg8 30. f7+ Kg7 31. f8Q+ Rxf8 32. Ng5 Rfd8 33. Rh7+ 1-0

[Event "Rio de Janeiro CMIL op"]
[Site "Rio de Janeiro"]
[Date "2015.11.24"]
[Round "2"]
[White "Mendes Filho, Jose Paschoal"]
[Black "Rovedo, Salomao"]
[Result "1-0"]
[WhiteElo "1883"]
[BlackElo "1825"]
[PlyCount "37"]
[EventDate "2015.11.19"]
[EventType "swiss"]
[EventRounds "6"]
[EventCountry "BRA"]
[SourceTitle "CBM 170 Extra"]
[Source "ChessBase"]
[SourceDate "2016.02.25"]
[SourceVersion "1"]
[SourceVersionDate "2016.02.25"]
[SourceQuality "1"]

1. b3 d5 2. Bb2 Nf6 3. e3 Bf5 4. Nf3 h6 5. d3 e6 6. Be2 Bd6 7. 0-0 0-0 8. Ne5 Nbd7 9. f4 c5 10. Nd2 Rc8 11. Rc1 Qc7 12. Ndf3 Rfd8 13. Qe1 Nxe5 14. Nxe5 Bxe5 15. Bxe5 Qe7 16. Qh4 Kf8 17. g4 Bxg4 18. Bxf6 Qxf6 19. Qxg4 1-0

[Event "Rio de Janeiro Guanabara op 4th"]
[Site "Rio de Janeiro"]
[Date "2015.10.03"]
[Round "5"]
[White "Rovedo, Salomao"]
[Black "De Castro, Thales Jose Fernand"]
[Result "0-1"]
[WhiteElo "1720"]
[BlackElo "2100"]
[PlyCount "52"]
[EventDate "2015.09.12"]
[EventType "swiss"]
[EventRounds "6"]
[EventCountry "BRA"]
[SourceTitle "EXT 2017"]
[Source "ChessBase"]
[SourceDate "2016.10.25"]
[SourceVersion "1"]
[SourceVersionDate "2016.10.25"]
[SourceQuality "1"]

1. Nf3 e6 2. d4 d5 3. b3 c6 4. Bb2 f5 5. e3 Nf6 6. Be2 Bd6 7. Nbd2 Ne4 8. Nxe4 fxe4 9. Ne5 0-0 10. f4 exf3 11. Bxf3 Qh4+ 12. g3 Qg5 13. Qe2 Nd7 14. 0-0-0 Nxe5 15. h4 Qf6 16. dxe5 Bxe5 17. Bxe5 Qxe5 18. Kb1 Qxg3 19. Rdf1 a5 20. h5 a4 21. h6 g6 22. Rhg1 Qe5 23. Qd3 axb3 24. cxb3 Bd7 25. Rxg6+ hxg6 26. Qxg6+ Kh8 0-1

[Event "Rio de Janeiro Guanabara op 3rd"]
[Site "Rio de Janeiro"]
[Date "2015.07.18"]
[Round "4"]
[White "Maia, Marco Aurelio Ferre"]
[Black "Rovedo, Salomao"]
[Result "1-0"]
[WhiteElo "2130"]
[BlackElo "1730"]
[PlyCount "55"]
[EventDate "2015.07.11"]
[EventType "swiss"]
[EventRounds "6"]
[EventCountry "BRA"]
[SourceTitle "EXT 2016"]
[Source "ChessBase"]
[SourceDate "2015.10.08"]
[SourceVersion "1"]
[SourceVersionDate "2015.10.08"]
[SourceQuality "1"]

1. d4 c6 2. e4 d5 3. exd5 cxd5 4. Bd3 Nf6 5. h3 e6 6. Nf3 Be7 7. 0-0 0-0 8. c3 b6 9. Qe2 Bb7 10. Bf4 Qc8 11. Nbd2 Ba6 12. c4 Bb4 13. a3 Bxd2 14. Nxd2 Qd7 15. Rfd1 Bb7 16. Nf3 Nc6 17. Rac1 Rac8 18. c5 bxc5 19. dxc5 Rfe8 20. Bb5 Qd8 21. Ne5 Nd7 22. Nxc6 Bxc6 23. Ba6 Ra8 24. Bd6 Nb8 25. Bd3 e5 26. b4 a6 27. Bxb8 Qxb8 28. Bxa6 1-0

[Event "Rio de Janeiro Guanabara op 1st"]
[Site "Rio de Janeiro"]
[Date "2015.03.21"]
[Round "5"]
[White "Rovedo, Salomao"]
[Black "Da Silva, Claudio Oliveira"]
[Result "0-1"]
[WhiteElo "1780"]
[BlackElo "1815"]
[PlyCount "62"]
[EventDate "2015.03.07"]
[EventType "swiss"]
[EventRounds "6"]
[EventCountry "BRA"]
[SourceTitle "EXT 2016"]
[Source "ChessBase"]
[SourceDate "2015.10.08"]
[SourceVersion "1"]
[SourceVersionDate "2015.10.08"]
[SourceQuality "1"]

1. d4 d5 2. Nf3 Nf6 3. Nc3 e6 4. Bg5 Be7 5. e3 c5 6. Bxf6 Bxf6 7. dxc5 Qa5 8. Nd4 Qxc5 9. Bb5+ Nd7 10. 0-0 0-0 11. Qd2 a6 12. Be2 Ne5 13. Na4 Qc7 14. Qc3 Qd8 15. Rad1 Bd7 16. Nc5 Rc8 17. Qa3 Be7 18. b4 a5 19. Nxd7 Bxb4 20. Qb3 Qxd7 21. Nb5 Rfd8 22. a4 Nc4 23. c3 Be7 24. Qa2 Bf6 25. h3 Qe7 26. e4 Qc5 27. Bxc4 Qxc4 28. Qxc4 Rxc4 29. exd5 exd5 30. Rfe1 g6 31. Ra1 Bxc3 0-1

[Event "Rio de Janeiro Guanabara op 1st"]
[Site "Rio de Janeiro"]
[Date "2015.03.14"]
[Round "4"]
[White "Haubrick, Sidney Junior Barre"]
[Black "Rovedo, Salomao"]
[Result "1-0"]
[WhiteElo "1657"]
[BlackElo "1780"]
[PlyCount "103"]
[EventDate "2015.03.07"]
[EventType "swiss"]
[EventRounds "6"]
[EventCountry "BRA"]
[SourceTitle "EXT 2016"]
[Source "ChessBase"]
[SourceDate "2015.10.08"]
[SourceVersion "1"]
[SourceVersionDate "2015.10.08"]
[SourceQuality "1"]

1. c4 g6 2. g3 Bg7 3. Nc3 Bxc3 4. dxc3 Nf6 5. Bg2 c6 6. e4 d6 7. Be3 Ng4 8. Bd2 Qb6 9. c5 Qxc5 10. Nh3 Ne5 11. 0-0 Bg4 12. Qc2 Nbd7 13. Be3 Qb5 14. a4 Qd3 15. Qxd3 Nxd3 16. b4 N3e5 17. f3 Be6 18. Bd4 c5 19. Be3 f6 20. Nf4 Bf7 21. Nd5 Rc8 22. b5 g5 23. Bf2 f5 24. Rfd1 fxe4 25. fxe4 Nc4 26. Bf1 Bh5 27. Rd3 Nce5 28. Re3 e6 29. c4 exd5 30. exd5 Rf8 31. Bd3 Bg6 32. Be2 Kf7 33. Re1 Kg8 34. h3 Rf6 35. Kg2 Rcf8 36. Bg1 h5 37. g4 hxg4 38. hxg4 Rf4 39. Bh2 Be4+ 40. Kg1 Nf3+ 41. Bxf3 Rxf3 42. Rxe4 Ne5 43. Bxe5 dxe5 44. Rxe5 R3f4 45. R5e4 R8f6 46. Re8+ Rf8 47. Rxf8+ Kxf8 48. Rf1 Rxf1+ 49. Kxf1 Ke7 50. Kf2 Kd6 51. Kf3 Ke5 52. a5 1-0

[Event "Rio de Janeiro Guanabara op 1st"]
[Site "Rio de Janeiro"]
[Date "2015.03.07"]
[Round "2"]
[White "Rovedo, Salomao"]
[Black "Rios Filho, Hilton Carlos da Si"]
[Result "0-1"]
[WhiteElo "1780"]
[BlackElo "2200"]
[PlyCount "36"]
[EventDate "2015.03.07"]
[EventType "swiss"]
[EventRounds "6"]
[EventCountry "BRA"]
[SourceTitle "EXT 2016"]
[Source "ChessBase"]
[SourceDate "2015.10.08"]
[SourceVersion "1"]
[SourceVersionDate "2015.10.08"]
[SourceQuality "1"]

1. d4 Nf6 2. c4 g6 3. Nc3 d5 4. e3 Bg7 5. Nf3 0-0 6. cxd5 Nxd5 7. e4 Nxc3 8. bxc3 c5 9. Bb2 cxd4 10. c4 Nc6 11. Bd3 Be6 12. 0-0 Qa5 13. Nd2 Rfd8 14. Nb3 Qc7 15. f4 Nb4 16. f5 Nxd3 17. fxe6 Nxb2 18. exf7+ Kh8 0-1